[Event "AUTO-MASTER-2931"]
[Site "http://www.queenalice.com/game.php?id=1602814"]
[Date "2020.3.17"]
[Round "1"]
[White "pizzaiolo72"]
[Black "ymfrancois"]
[Result "1-0"]
[WhiteElo "2087"]
[BlackElo "2011"]

1. e4 e5 2. Nf3 d6 3. c3 a6 4. d4 Nd7 5. dxe5 dxe5 6. Bc4 c6 7. a4 Be7 8. O-O
Ngf6 9. Re1 O-O 10. Bg5 b5 11. axb5 a5 12. bxc6 Nc5 13. Qxd8 Bxd8 14. Bxf6 Bxf6
15. Nbd2 Bg4 16. h3 Bxf3 17. gxf3 Rfc8 18. Bd5 Nd3 19. Reb1 Bh4 20. b4 Bxf2+ 21.
Kf1 axb4 22. Rxa8 Rxa8 23. cxb4 Bd4 24. b5 Rc8 25. b6 Bxb6 26. Rxb6 h6 27. Rb7
Kh7 28. Rxf7 Nc5 29. Nc4 Na6 30. Nxe5 Nc7 31. h4 Na6 32. h5 Nc7 33. f4 Na6 34.
f5 Nc7 35. f6 1-0

[Event "AUTO-MASTER-2931"]
[Site "http://www.queenalice.com/game.php?id=1602815"]
[Date "2020.3.17"]
[Round "1"]
[White "ymfrancois"]
[Black "dazzeechain"]
[Result "1-0"]
[WhiteElo "1986"]
[BlackElo "1987"]

1. d4 d5 2. Bf4 Nc6 3. e3 Nf6 4. c4 e6 5. c5 Be7 6. a3 Ne4 7. b4 Bd7 8. Nf3 O-O
9. Bd3 f5 10. Bxe4 fxe4 11. Ne5 Nxe5 12. Bxe5 Bf6 13. Bg3 c6 14. O-O Bh4 15. Bd6
Be7 16. Bg3 Rf6 17. Nc3 Be8 18. Ne2 Bh5 19. Qd2 Bxe2 20. Qxe2 Qf8 21. Be5 Rg6
22. f4 Qf5 23. Kh1 Rf8 24. Rg1 Qg4 25. Qxg4 Rxg4 26. h3 Rg3 27. Rae1 Bh4 28. f5
Rg5 29. g3 Bxg3 30. Rxg3 Rxg3 31. Bxg3 exf5 32. Rg1 h6 33. h4 Kh7 34. Bf4 Rf7
35. a4 a6 36. Be5 g6 37. b5 h5 38. bxc6 bxc6 39. Rb1 Kh6 40. Rb6 1-0

[Event "AUTO-MASTER-2931"]
[Site "http://www.queenalice.com/game.php?id=1602816"]
[Date "2020.3.17"]
[Round "1"]
[White "dazzeechain"]
[Black "ymfrancois"]
[Result "1-0"]
[WhiteElo "1966"]
[BlackElo "2030"]

1. e4 e5 2. Nf3 d6 3. d4 Nd7 4. Bc4 Be7 5. dxe5 dxe5 6. Qd5 Nh6 7. Bxh6 O-O 8.
Be3 c6 9. Qd2 b5 10. Bb3 Bb7 11. Nc3 a5 12. a3 a4 13. Ba2 Qc7 14. O-O Rad8 15.
Bg5 Bxg5 16. Qxg5 Qb8 17. Rad1 Ba6 18. Nh4 Kh8 19. Nf5 g6 20. Nd6 Kg7 21. Nf5+
Kh8 22. Rxd7 gxf5 23. Qf6+ 1-0

[Event "AUTO-MASTER-2959"]
[Site "http://www.queenalice.com/game.php?id=1613289"]
[Date "2020.5.22"]
[Round "1"]
[White "ivansm"]
[Black "ymfrancois"]
[Result "0-1"]
[WhiteElo "2155"]
[BlackElo "2013"]

1. e4 e5 2. Nf3 Nf6 3. Nxe5 d6 4. Nc4 Nxe4 5. Qe2 Qe7 6. d3 Nf6 7. Bg5 Qxe2+ 8.
Bxe2 Be7 9. O-O O-O 10. Nc3 Re8 11. Nb5 Na6 12. Rfe1 Bd7 13. a4 Nd5 14. Bxe7
Rxe7 15. Bf3 Rxe1+ 16. Rxe1 Bc6 17. Na5 Ndb4 18. Bxc6 bxc6 19. Na3 h6 20. d4 c5
21. dxc5 Nxc5 22. b3 Rb8 23. Re7 Nb7 24. N5c4 Nd5 25. Re1 Kf8 26. Nb5 a6 27. Nd4
Re8 28. Kf1 Nf4 29. Rxe8+ Kxe8 30. Nc6 Nc5 31. a5 Nd5 32. Ke1 Kd7 33. Nd4 Ne6
34. Nf5 Kc6 35. Kd2 Kc5 36. c3 Ndf4 37. Nfe3 Ng5 38. b4+ Kb5 39. g3 Ne4+ 40. Kc2
Ne2 41. Kb3 Nxf2 42. Nf5 Ng4 43. Ne7 Nc1+ 44. Kc2 Kxc4 45. Kxc1 Nxh2 46. Nc6 Nf3
47. Na7 Ne5 48. b5 Nd7 49. Kc2 Kc5 50. bxa6 Nb8 51. Nb5 Nxa6 52. Nd4 h5 53. Kb3
g5 54. Nf5 Kb5 0-1

[Event "AUTO-MASTER-2959"]
[Site "http://www.queenalice.com/game.php?id=1613290"]
[Date "2020.5.22"]
[Round "1"]
[White "ymfrancois"]
[Black "ivansm"]
[Result "0-1"]
[WhiteElo "2024"]
[BlackElo "2150"]

1. d4 d5 2. Bf4 g6 3. e3 Bg7 4. Nf3 Nf6 5. b4 Ne4 6. c4 dxc4 7. Bxc4 O-O 8. Ng5
Nxg5 9. Bxg5 Qd6 10. a3 Be6 11. Bf4 Qc6 12. Bf1 Nd7 13. Nd2 Qc3 14. Be2 c6 15.
O-O a5 16. bxa5 Rxa5 17. Qc1 Qxc1 18. Rfxc1 c5 19. Rab1 cxd4 20. Rxb7 dxe3 21.
Bxe3 Rxa3 22. g3 Rb8 23. Rbc7 Ra2 24. Bf3 Bf6 25. Kg2 Ne5 26. Ne4 Nxf3 27. Kxf3
Bd5 28. Rd1 Ba8 29. Ba7 Rb3+ 30. Kg4 Bxe4 31. Rd8+ Kg7 32. Be3 Bf5+ 33. Kf3 e5
34. Re8 e4+ 35. Kg2 Rxe3 0-1

[Event "AUTO-MASTER-2959"]
[Site "http://www.queenalice.com/game.php?id=1613301"]
[Date "2020.5.22"]
[Round "1"]
[White "clovis"]
[Black "ymfrancois"]
[Result "1-0"]
[WhiteElo "2118"]
[BlackElo "2082"]

1. e4 e5 2. Bc4 Nf6 3. Nc3 Nc6 4. d3 d6 5. Nf3 Be7 6. O-O a6 7. Be3 Na5 8. Bb3
Bg4 9. h3 Bh5 10. g4 Bg6 11. Nh4 Nxb3 12. axb3 h6 13. Nf5 Bxf5 14. exf5 Nh7 15.
f4 exf4 16. Bxf4 O-O 17. Nd5 Bg5 18. Kg2 Bxf4 19. Rxf4 c6 20. Nc3 Qg5 21. Re4
Nf6 22. Re7 b5 23. Ne4 Nxe4 24. Rxe4 Qf6 25. c3 Rfe8 26. Rxa6 Qd8 27. Rxc6 Rxe4
28. dxe4 Qe8 29. Qd5 Ra2 30. Rxd6 Rxb2+ 31. Kf1 Kh7 32. b4 Qe7 33. f6 gxf6 34.
Qf5+ Kg7 35. Rd7 Qe8 36. h4 Qa8 37. Rd1 Qc6 38. g5 fxg5 39. hxg5 hxg5 40. Qxg5+
Qg6 41. Qxg6+ Kxg6 42. Rd5 Rb3 43. Rc5 Rb1+ 44. Ke2 Rb2+ 45. Kd3 Rf2 46. Rxb5
Rf3+ 47. Kd4 Rf1 48. c4 Rd1+ 49. Ke5 f6+ 50. Ke6 Re1 51. c5 Rxe4+ 52. Kd5 f5 53.
c6 Re8 54. c7 Rc8 55. Kc6 Rf8 56. Rb8 Rxb8 57. cxb8=Q Kg5 58. Kd5 1-0

[Event "AUTO-MASTER-2959"]
[Site "http://www.queenalice.com/game.php?id=1613302"]
[Date "2020.5.22"]
[Round "1"]
[White "ymfrancois"]
[Black "clovis"]
[Result "1-0"]
[WhiteElo "2045"]
[BlackElo "2097"]

1. d4 d5 2. Bf4 Bf5 3. e3 e6 4. a3 Nf6 5. b4 Bd6 6. Bxd6 Qxd6 7. Be2 Nbd7 8. c4
dxc4 9. Bxc4 e5 10. Nf3 O-O 11. O-O Bg4 12. Be2 e4 13. Nfd2 h5 14. h3 Bxe2 15.
Qxe2 g6 16. Nc3 Rae8 17. Nc4 Qe6 18. Rac1 Kg7 19. Nb5 Rc8 20. Nxa7 Ra8 21. Nb5
c6 22. Nc7 Qf5 23. Nxa8 Rxa8 24. Nd6 Qe6 25. Nxb7 Rxa3 26. Nd8 Qd5 27. Nxc6 Ra2
28. Qc4 1-0

[Event "AUTO-MASTER-2959"]
[Site "http://www.queenalice.com/game.php?id=1613307"]
[Date "2020.5.22"]
[Round "1"]
[White "Fauquinelle"]
[Black "ymfrancois"]
[Result "1-0"]
[WhiteElo "1968"]
[BlackElo "2067"]

1. c4 d5 2. cxd5 Qxd5 3. Nc3 Qd8 4. d4 c6 5. e4 e6 6. Bc4 b5 7. Bb3 Bb4 8. Ne2
Bxc3+ 9. bxc3 Bb7 10. Ng3 Ne7 11. O-O O-O 12. Qg4 Ng6 13. f4 Qh4 14. Qxh4 Nxh4
15. f5 f6 16. Bxe6+ Kh8 17. Ba3 Rd8 18. Rad1 Bc8 19. Bb3 Nd7 20. Ne2 c5 21. dxc5
Bb7 22. Bc2 Ne5 23. Rf4 Rxd1+ 24. Bxd1 Rd8 25. Bb3 Rd2 26. Rxh4 Rxe2 27. Kf1
Rxe4 28. Rxe4 Bxe4 29. g3 a5 30. Be6 Nc6 31. Bd7 b4 32. cxb4 axb4 33. Bc1 Na5
34. Bd2 b3 35. axb3 Nxb3 36. Bb4 Nd4 37. Kf2 Bc6 38. Bxc6 Nxc6 39. Bd2 Kg8 40.
Kf3 Kf7 41. Ke4 Ke7 42. Bf4 Kd7 43. Kd5 g5 44. fxg6 hxg6 45. h4 Ne7+ 46. Ke4 Kc6
47. Bd6 Nf5 48. h5 Nxd6+ 49. cxd6 gxh5 50. Kf5 Kxd6 51. Kxf6 Kd7 52. Kg5 Ke7 53.
Kxh5 Kf7 54. Kg5 Kg7 55. g4 Kg8 56. Kg6 Kh8 57. Kh6 Kg8 58. g5 Kh8 59. g6 Kg8
60. g7 1-0

[Event "AUTO-MASTER-2959"]
[Site "http://www.queenalice.com/game.php?id=1613308"]
[Date "2020.5.22"]
[Round "1"]
[White "ymfrancois"]
[Black "Fauquinelle"]
[Result "1-0"]
[WhiteElo "2035"]
[BlackElo "1893"]

1. d4 e6 2. Bf4 d5 3. e3 Bd7 4. a3 Bd6 5. Bxd6 cxd6 6. Nf3 Nc6 7. Nbd2 Nf6 8.
Bd3 O-O 9. O-O e5 10. dxe5 dxe5 11. Be2 Qc7 12. c3 a6 13. h3 h6 14. Nh2 Rad8 15.
Bg4 Rfe8 16. Bxd7 Rxd7 17. b4 d4 18. exd4 exd4 19. Qc1 dxc3 20. Qxc3 Re6 21.
Nhf3 Ne4 22. Nxe4 Rxe4 23. Rfe1 Red4 24. Nxd4 Rxd4 25. Qc2 1-0

[Event "AUTO-OPEN-4221"]
[Site "http://www.queenalice.com/game.php?id=1630373"]
[Date "2020.10.20"]
[Round "1"]
[White "ymfrancois"]
[Black "Pin"]
[Result "1-0"]
[WhiteElo "2053"]
[BlackElo "1932"]

1. e4 c5 2. a4 Nc6 3. Bb5 e6 4. Nf3 d6 5. d4 cxd4 6. Qxd4 Bd7 7. Qd1 Nf6 8. Nc3
Be7 9. Be3 O-O 10. O-O Nb8 11. Bf4 Nc6 12. Bxd6 Bxd6 13. Qxd6 Qb8 14. Qxb8 Raxb8
15. Rad1 Rfd8 16. e5 Ng4 17. h3 Ngxe5 18. Nd4 a6 19. Bxc6 Nxc6 20. Nxc6 Bxc6 21.
Rxd8+ Rxd8 22. b3 h5 23. Rd1 Rxd1+ 24. Nxd1 g5 25. Ne3 Kg7 26. Nc4 Kf6 27. a5
Ke7 28. Ne5 f6 29. Nxc6+ bxc6 30. Kf1 Kd6 31. Ke2 Kc5 32. c3 Kb5 33. b4 Kc4 34.
Kd2 f5 35. f3 h4 36. Kc2 e5 37. Kd2 e4 38. fxe4 fxe4 39. Ke3 Kxc3 40. Kxe4 Kxb4
41. Kf5 c5 42. Kxg5 c4 43. Kxh4 c3 44. g4 c2 45. Kh5 c1=Q 46. h4 Qf4 47. g5 Qf8
48. g6 Kxa5 49. Kg5 Qd8+ 50. Kg4 Qd1+ 51. Kg5 Qg1+ 52. Kh6 Qe3+ 53. Kh5 Qe8 54.
Kh6 Qh8+ 55. Kg5 Qe5+ 56. Kh6 Qf6 57. h5 Kb6 58. Kh7 Kc6 59. h6 Kd6 60. g7 Qf7
61. Kh8 Qe8+ 62. g8=Q Qe5+ 63. Kh7 Qe7+ 64. Qg7 1-0

[Event "AUTO-OPEN-4221"]
[Site "http://www.queenalice.com/game.php?id=1630374"]
[Date "2020.10.20"]
[Round "1"]
[White "Pin"]
[Black "ymfrancois"]
[Result "0-1"]
[WhiteElo "1931"]
[BlackElo "2071"]

1. d4 d5 2. Bf4 Nc6 3. Nf3 Bf5 4. c3 Nf6 5. e3 a6 6. Nbd2 Ne4 7. Nxe4 Bxe4 8.
Be2 e6 9. O-O Be7 10. h3 b5 11. Nd2 Bf5 12. Nf3 Be4 13. Nd2 Bf5 14. g4 Bg6 15.
Re1 Bd6 16. Nf1 O-O 17. Ng3 Bxf4 18. exf4 Qh4 19. Kh2 h6 20. Bd3 Bxd3 21. Qxd3
Qd8 22. Re2 Ne7 23. Rae1 Ng6 24. f5 exf5 25. Qxf5 Qd6 26. Kh1 Nf4 27. Re5 Nxh3
28. Kg2 Ng5 29. f4 Ne6 30. g5 hxg5 31. fxg5 g6 32. Qf6 Ng7 33. Qf4 Rae8 34. Rh1
f5 35. gxf6 Rxf6 36. Rxe8+ Nxe8 37. Qh6 Ng7 38. Qh8+ Kf7 39. Rh7 Qf8 40. Qxf8+
Kxf8 41. Rh8+ Kf7 42. Rc8 Ne6 43. Ra8 Ng5 44. Rc8 Rc6 45. Ne2 Ne4 46. Nf4 Nf6
47. Rd8 Ke7 48. Ra8 Kf7 49. Kh3 g5 50. Nd3 Re6 51. Ne5+ Kg7 52. Rc8 c6 53. Rxc6
Rxc6 54. Nxc6 Kh6 55. Ne5 Kh5 56. b3 g4+ 57. Kg2 Kg5 58. Nf7+ Kf4 59. Ne5 Nh5
60. Nd3+ Ke3 61. Nc5 a5 62. Nb7 a4 63. c4 bxc4 64. bxa4 c3 65. Nc5 Kxd4 66. Nb3+
Kc4 67. a5 Kb5 68. a4+ Ka6 69. Kf2 d4 70. Nxd4 Kxa5 71. Ke3 Kxa4 72. Kd3 Kb4 73.
Nc2+ Kb3 74. Nd4+ Kb2 75. Ne2 c2 76. Kd2 g3 77. Ke1 c1=Q+ 78. Nxc1 Kxc1 79. Ke2
Kc2 0-1

[Event "AUTO-OPEN-4221"]
[Site "http://www.queenalice.com/game.php?id=1630377"]
[Date "2020.10.20"]
[Round "1"]
[White "ymfrancois"]
[Black "swabeyd"]
[Result "0-1"]
[WhiteElo "2045"]
[BlackElo "2353"]

1. e4 e6 2. Nf3 c5 3. a4 a6 4. d4 d5 5. dxc5 Bxc5 6. Nc3 Nf6 7. exd5 exd5 8. Bg5
Be6 9. Be2 O-O 10. O-O Nbd7 11. Nd4 Rc8 12. Nxe6 fxe6 13. Bg4 Qb6 14. Bxe6+ Qxe6
15. Re1 Bxf2+ 16. Kxf2 Ng4+ 17. Kg1 Qb6+ 0-1

[Event "AUTO-OPEN-4221"]
[Site "http://www.queenalice.com/game.php?id=1630378"]
[Date "2020.10.20"]
[Round "1"]
[White "swabeyd"]
[Black "ymfrancois"]
[Result "1-0"]
[WhiteElo "2350"]
[BlackElo "2049"]

1. d4 d5 2. Nf3 c5 3. e3 c4 4. b3 cxb3 5. axb3 Bg4 6. Bb5+ Nc6 7. O-O e6 8.
Bxc6+ bxc6 9. Nbd2 Bb4 10. Ra4 a5 11. Ba3 Bxd2 12. Qxd2 Bxf3 13. Qc3 Ne7 14.
Bxe7 Kxe7 15. gxf3 Qc7 16. Rfa1 f6 17. Rxa5 Rhc8 18. Rxa8 1-0

[Event "AUTO-MASTER-3000"]
[Site "http://www.queenalice.com/game.php?id=1630531"]
[Date "2020.10.21"]
[Round "1"]
[White "ymfrancois"]
[Black "mascarade"]
[Result "1-0"]
[WhiteElo "2031"]
[BlackElo "2176"]

1. e4 e5 2. Nf3 Nc6 3. Bc4 b6 4. d3 Bb7 5. Nc3 h6 6. O-O Na5 7. Nxe5 Nxc4 8.
Nxc4 Nf6 9. e5 Nd5 10. Ne4 Qh4 11. Ne3 Nxe3 12. Bxe3 Bxe4 13. dxe4 Qxe4 14. Re1
Qb7 15. c3 O-O-O 16. Qb3 d5 17. Qc2 g6 18. f4 Rg8 19. f5 gxf5 20. Qxf5+ Kb8 21.
Qf3 Bg7 22. Bf4 Rdf8 23. Rad1 Rd8 24. Kh1 Ka8 25. Re2 c6 26. Red2 Rge8 27. h3
Qc7 28. e6 Qb7 29. exf7 Qxf7 30. Qg3 Re4 31. Rf2 Rg8 32. Qf3 Qe6 33. Qg4 Re1+
34. Rf1 Rxd1 35. Qxe6 Rxf1+ 36. Kh2 1-0

[Event "AUTO-MASTER-3000"]
[Site "http://www.queenalice.com/game.php?id=1630532"]
[Date "2020.10.21"]
[Round "1"]
[White "mascarade"]
[Black "ymfrancois"]
[Result "1-0"]
[WhiteElo "2190"]
[BlackElo "2041"]

1. e4 e5 2. d3 h6 3. Nf3 Nc6 4. Be2 Bc5 5. O-O d6 6. Nc3 Nge7 7. a3 Be6 8. Na4
Bd4 9. c3 Bb6 10. Nxb6 cxb6 11. b4 a6 12. Bb2 O-O 13. d4 exd4 14. cxd4 Bg4 15.
d5 Bxf3 16. Bxf3 Ne5 17. Qe2 b5 18. Bxe5 dxe5 19. Rfd1 Qd6 20. Bg4 Nc8 21. Rd3
Nb6 22. Rg3 Nc4 23. Bf5 a5 24. Qg4 g6 25. Be6 Qe7 26. Qxg6+ 1-0

[Event "AUTO-MASTER-3000"]
[Site "http://www.queenalice.com/game.php?id=1630533"]
[Date "2020.10.21"]
[Round "1"]
[White "ymfrancois"]
[Black "mvson33"]
[Result "1-0"]
[WhiteElo "2081"]
[BlackElo "1842"]

1. e4 c5 2. a4 Nc6 3. Nf3 d6 4. h3 Bd7 5. Bc4 Nf6 6. d3 g6 7. Na3 Bg7 8. O-O O-O
9. c3 a6 10. Be3 Rc8 11. Ng5 h6 12. Nf3 Na5 13. Ba2 Nc6 14. d4 cxd4 15. Nxd4
Nxd4 16. Bxd4 Qc7 17. Re1 Bc6 18. e5 dxe5 19. Bxe5 Qd7 20. Nc4 Qd5 21. Qxd5 Bxd5
22. Nb6 Rcd8 23. Bc7 Rde8 24. Bxd5 Nxd5 25. Nxd5 Bf6 26. Nxf6+ exf6 27. Rxe8
Rxe8 28. Bf4 Kg7 29. h4 Re4 30. g3 Re2 31. b4 Rc2 32. Rc1 Rxc1+ 33. Bxc1 f5 34.
b5 axb5 35. axb5 h5 36. c4 Kf6 37. c5 Ke5 38. Kg2 Kd5 39. Ba3 Ke6 40. Kh3 Kd7
41. Bc1 Ke6 42. f3 Kd5 43. Be3 Ke6 44. g4 Kd5 45. gxf5 gxf5 46. Kg3 Ke5 47. f4+
Kd5 48. Kf3 Ke6 49. Ke2 Kd5 50. Kd3 Ke6 51. Kc4 Kd7 52. Kd5 Kc7 53. c6 bxc6+ 54.
bxc6 Kd8 55. Kd6 Kc8 56. c7 f6 57. Bd4 1-0

[Event "AUTO-MASTER-3000"]
[Site "http://www.queenalice.com/game.php?id=1630534"]
[Date "2020.10.21"]
[Round "1"]
[White "mvson33"]
[Black "ymfrancois"]
[Result "0-1"]
[WhiteElo "1831"]
[BlackElo "2064"]

1. e4 e5 2. Nf3 Nf6 3. d3 Nc6 4. Be2 h6 5. Nc3 Bc5 6. O-O O-O 7. Bd2 d6 8. h3 a6
9. Kh1 Nd4 10. Nh2 c6 11. f4 exf4 12. Bxf4 Nxe2 13. Qxe2 Be6 14. Nf3 Nh5 15. Bh2
Re8 16. Qd2 b5 17. a3 Ba7 18. Ne2 Bb6 19. Ng3 Nf6 20. Bg1 c5 21. Rad1 Bd7 22.
Qf4 Bc7 23. Qd2 d5 24. exd5 Bxg3 25. Bh2 Nh5 26. Kg1 Bxh2+ 27. Kxh2 Qc7+ 28. Kg1
Qg3 29. Kh1 Nf4 30. Rde1 Nxd5 31. d4 c4 32. Rxe8+ Rxe8 0-1

[Event "AUTO-MASTER-3000"]
[Site "http://www.queenalice.com/game.php?id=1630535"]
[Date "2020.10.21"]
[Round "1"]
[White "ymfrancois"]
[Black "Numberone"]
[Result "0-1"]
[WhiteElo "2018"]
[BlackElo "2102"]

1. e4 e5 2. Nf3 Nc6 3. Bc4 Be7 4. d3 Nf6 5. Nc3 d6 6. h3 O-O 7. a3 Be6 8. Bd5
Bxd5 9. exd5 Nd4 10. O-O Nxf3+ 11. Qxf3 Nd7 12. Na4 f5 13. Bd2 Qe8 14. b3 a6 15.
c4 Qg6 16. b4 e4 17. dxe4 Ne5 18. Qg3 Qxg3 19. fxg3 Nxc4 20. Bf4 fxe4 21. Rfc1
b5 22. Nc3 Bf6 23. Ra2 Bxc3 24. Rxc3 Rf5 25. a4 Re8 26. axb5 axb5 27. Be3 Nxe3
28. Rxe3 Rxd5 29. Raa3 Rd4 30. Rab3 Rf8 31. g4 Kf7 32. Kf2 Ke6+ 33. Ke2 d5 34.
Rb2 Ra8 35. Rc3 Kd6 0-1

[Event "AUTO-MASTER-3000"]
[Site "http://www.queenalice.com/game.php?id=1630536"]
[Date "2020.10.21"]
[Round "1"]
[White "Numberone"]
[Black "ymfrancois"]
[Result "1-0"]
[WhiteElo "2311"]
[BlackElo "2053"]

1. e4 e5 2. f4 exf4 3. Bc4 Qh4+ 4. Kf1 d6 5. Nc3 c6 6. d4 Bg4 7. Qd2 d5 8. exd5
cxd5 9. Bxd5 Nc6 10. Qxf4 Nh6 11. h3 Qh5 12. hxg4 Qxh1 13. Bxc6+ bxc6 14. Qc7
Qh4 15. Qxc6+ Ke7 16. Nd5+ Kd8 17. Qxa8+ Kd7 18. Qxa7+ Kd6 19. Qc5+ Kd7 20. Qc7+
Ke8 21. Qc8+ Qd8 22. Qxd8+ Kxd8 23. Bxh6 gxh6 24. a4 Rg8 25. Ne3 Bd6 26. Ne2 Be7
27. a5 Kd7 28. c3 Bg5 29. Kf2 Bxe3+ 30. Kxe3 Rxg4 31. g3 Rg8 32. b4 Kc7 33. c4
1-0

[Event "AUTO-MASTER-2733"]
[Site "http://www.queenalice.com/game.php?id=1641257"]
[Date "2021.1.23"]
[Round "3"]
[White "Pagano"]
[Black "ymfrancois"]
[Result "1-0"]
[WhiteElo "2078"]
[BlackElo "2070"]

1. e4 e5 2. f4 exf4 3. Nf3 Nf6 4. e5 Ne4 5. d4 d5 6. Bxf4 Bg4 7. Bd3 Nc6 8. c3
Qh4+ 9. g3 Qd8 10. Qe2 Be7 11. Bxe4 dxe4 12. Qxe4 O-O 13. Nbd2 Bh3 14. Kf2 Be6
15. h4 Na5 16. b3 Bd5 17. Qd3 c5 18. c4 1-0

[Event "AUTO-MASTER-2733"]
[Site "http://www.queenalice.com/game.php?id=1641258"]
[Date "2021.1.23"]
[Round "3"]
[White "ymfrancois"]
[Black "Pagano"]
[Result "0-1"]
[WhiteElo "2087"]
[BlackElo "2061"]

1. e4 c6 2. Bc4 d5 3. exd5 cxd5 4. Bb5+ Bd7 5. Bxd7+ Qxd7 6. d4 e6 7. Nf3 Nc6 8.
O-O Bd6 9. Be3 Nf6 10. Nbd2 O-O 11. b3 Rfe8 12. c4 e5 13. cxd5 Nxd4 14. Bxd4
exd4 15. Nxd4 Nxd5 16. Qf3 Be5 17. Nc4 Bxd4 18. Rad1 Nc3 19. Rd3 b5 0-1